000 00812cam a22002054a 4500
020 _a0754636933
082 0 0 _a307.1412091724
100 1 _aAkroyd, H. David.
245 1 0 _aAgriculture and rural development planning :
_ba process in transition /
_cH. David Akroyd.
260 _aAldershot, Hampshire ;
_aBurlington, VT :
_bAshgate,
_cc2003.
300 _axiii, 224 p. ;
_c23 cm.
440 0 _981040
504 _aIncludes bibliographical references (p. [218]-219) and index.
650 0 _aRural development
_981041
650 0 _aAgricultural development projects
_981042
942 _2ddc
_cBK
999 _c585976
_d585976